000 00370nam a22001577a 4500
003 SGT
020 _a9789350250761
082 _a612
_bE11S
100 _aSembulingam, K.
245 _aEssentials of Physiology for Dental Students
250 _a1st Ed.
260 _aDelhi, India
_bJaypee Publishers
_c2011
300 _a696
650 _aPhysiology
942 _2ddc
_cBK
999 _c32249
_d32249